Starodávne mestské novosti v roku 1921

Bibliographic Details
Main Author: Makarová, Soňa (Author)
Format: Article
Language:Slovak
PhysicalDescription:Obr.
Subjects:

MARC

LEADER 00000nab a2200000 a 4500
001 vtls008300450
003 SK-MaSNL
005 20260303210814.0
008 050930 2005 xo r r 000 0 slo
038 |a KEVKJB 
040 |a KEVKJB  |b slo  |c KEVKJB  |e AACR2 
041 0 |a slo 
044 |a xo  |c SK 
080 |a 908  |x (437.671)  |2 UDC-MRF-SK2 
100 1 |a Makarová, Soňa  |4 aut  |9 429760 
245 1 0 |a Starodávne mestské novosti v roku 1921  |c Soňa Makarová 
300 |b Obr. 
610 7 |a Východoslovenské múzeum (Košice, Slovensko)  |x výstavy  |2 kevkjb  |9 28613 
648 7 |a 1921  |2 kevkjb  |9 298079 
650 0 7 |a mestské verejné podniky  |x záverečné účty  |y 1921  |z Košice (Slovensko)  |2 kevkjb  |9 1242979 
650 0 7 |a výstavy  |y 1921  |z Košice (Slovensko)  |2 kevkjb  |9 1242980 
651 7 |a Košice (Slovensko)  |2 kevkjb  |9 18694 
773 0 |t Košický večer  |g Roč. 16(37), č. 37 (16.9.2005), s. 15 
852 |a KEVKJB  |b KIS3GCP 
999 |c 2201844  |d 2203774